00583nam a22001937a 450000500170000001000150001702000260003203500140005803700090007208200120008110000170009324500740011025000180018426000590020227000750026130000270033665000080036370000180037120240618153244.0 aENG-140623 a9788119896622c499.00 aEN-124155 aDBAD a574.191 aKumar,Pranav aBiophysics and Molecular Biology:bTool and Techniques/cPranav Kumar aFifth edition aNoidabPearson India Education Services Pvt. Ltdc2024 a1st Floor, Berger Tower, Plot No. C-001A/2, Sector 16B,bNoidae201301 axi, 266p. c28 cm (pb) aBio aKumar, Pranav